00737nam a22002297a 4500999001500000001000600015003000900021005001700030008004100047020001800088040003800106082002000144100001800164245007600182250001200258260004300270300002700313650001900340700001800359942001200377952011800389 c4010d401018509BD-DhUAP20200316130655.0200316s2009 bg ||||| |||| 00| 0 eng d a9847002000697 aBD-DhUAPbEngcBD-DhUAPdBD-DhUAP 223a822.912 SYN aSynge, J. M.  aThe playboy of the western world /cJ. M. Synge ; edited by Ramji Lall. aNew ed. aDhaka :bfriends' book corner,cc2009. ax, 430 pages ;c22 cm. aEnglish drama. aLall, Ramji.  2ddccBK 00102ddc4070aUAPCLbUAPCLcGeneral Stacksd2020-03-16o822.912 SYNp3010018509r2020-03-16t1w2020-03-16yBK